000
00301 a2200121 4500
005
20260314081419.0
020
_a
9781266932595
100
_a
HILL,C
245
_a
Global Business Today
260
_a
New york
_b
Mcgraw Hill
_c
2024
300
_a
xxii,586p;ill;graph, picture
_b
Index
_c
27cm
942
_2
ddc
_c
BKS
999
_c
6823
_d
6823